LEADER 01379nam a2200313 4500 001 000000348225 003 CaOOAMICUS 005 20211022144029.0 008 211022s2005 it a 000 u ita r 020 $a88-06-16321-3 040 $aSeMil$bita 100 1 $aKauffman, Stuart,$d<1939- >.$0(OLS)http://semarc/name/113657 240 10$aInvestigations.$0(OLS)http://semarc/title/437592 245 10$aEsplorazioni evolutive /$cStuart Kauffman ; edizione italiana a cura di Telmo Pievani. 264 1$aTorino :$bEinaudi,$c2005. 300 $aXI, 377 p. :$bill. ;$c21 cm 490 1 $aBiblioteca Einaudi ;$v202 650 4$aEvoluzione.$0(OLS)http://semarc/subject/12109 650 4$aEvoluzione molecolare.$0(OLS)http://semarc/subject/19949 650 4$aVita - Origine - Filosofia.$0(OLS)http://semarc/subject/51120 650 4$aEvoluzionismo.$0(OLS)http://semarc/subject/3892 700 1 $aPievani, Telmo,$d<1970- >.$0(OLS)http://semarc/name/92497 830 0$aBiblioteca Einaudi ;$v202.$0(OLS)http://semarc/title/5944 850 $aSeMil 852 $aSeMil$W1$xVenegono$y1$m3X V 90$j229807$B239266$CSeMilBibl$Z2$F239266 $81 996 $6020$a88-06-16321-3$9(OLS)http://semarc/number/294381 996 $6245$aEsplorazioni evolutive$9(OLS)http://semarc/title/437593 996 $6264$aTorino :$bEinaudi$9(OLS)http://semarc/publisher/29884 LEADER 02107nas a2200385 i 4500 001 000000002243 003 CaOOAMICUS 005 20180830125435.0 008 180830s1994 sz uu u0 0und r 022 $a1421-3672 040 $aSeMil$bita 245 10$aENI =$bEcumenical News International. 246 01$aEcumenical News International 246 01$aNouvelles oecumeniques internationales 246 01$aOkumenische Nachrichten International 246 01$aNoticias Ecumenicas Internacionales 260 $aGenève :$b[s.n.],$c1994. 500 $aConsistenza: 1. (1994) - . 500 $aFino all'ultimo numero del 2018, 'la catalogazione della rivista è stata effettuata fascicolo per fascicolo. - A partire dal 2019, invece, si troverà solo l'indicazione dell'ultimo fascicolo ricevuto nella nota CONSISTENZA. 500 $aNelle NOTE DI CONTENUTO, qui sotto indicate, si potranno trovare i titoli, spesso tratti dalla copertina, dei singoli fascicoli MONOGRAFICI. 710 2 $aConsiglio Ecumenico delle Chiese.$0(OLS)http://semarc/name/1903 774 0 $t[2004].$dGenéve : ENI, copyr. 2004.$w()117252 774 0 $tTitolo mancante.$w()130715 774 0 $t[2005].$dGenéve : ENI, copyr. 2005.$w()134863 780 00$tService Oecuménique de Presse et d'Information.$dGenève : [s.n.], 1933-1994.$w()2955 850 $aSeMil 852 $aSeMil$W1$xVenegono$y1$m66-6-4ss.$j215939$qCollocazione provvisoria (annata corrente): 126$B228311$CSeMilBibl$Z2$F228311 $85 961 $aPubblicazione in abbonamento 996 $6022$a1421-3672$9(OLS)http://semarc/number/251 996 $6245$aENI =$bEcumenical News International$9(OLS)http://semarc/title/3742 996 $6246$aEcumenical News International$9(OLS)http://semarc/title/400239 996 $6246$aNouvelles oecumeniques internationales$9(OLS)http://semarc/title/400240 996 $6246$aOkumenische Nachrichten International$9(OLS)http://semarc/title/400241 996 $6246$aNoticias Ecumenicas Internacionales$9(OLS)http://semarc/title/3743 996 $6260$aGenève :$b[s.n.]$9(OLS)http://semarc/publisher/30628